[Event "rhusmesterskabet 2019"]
[Site "Aarhus"]
[Date "2019.02.17"]
[Round "6.4"]
[White "Stovring, Claus"]
[Black "Andersen, Thomas Klitgaard"]
[Result "1-0"]
[WhiteElo "2023"]
[BlackElo "2215"]
[PlyCount "59"]
[EventDate "2019.02.??"]
[EventType "swiss"]
[EventRounds "7"]
[EventCountry "DEN"]

1. e4 e5 2. Nf3 Nc6 3. Bb5 a6 4. Ba4 Nf6 5. O-O Be7 6. Re1 b5 7. Bb3 d6 8. c3
O-O 9. h3 Nb8 10. d4 Nbd7 11. Nbd2 Bb7 12. a4 c5 13. d5 c4 14. Bc2 Nc5 15. axb5
axb5 16. Rxa8 Qxa8 17. Nf1 Nfd7 18. Ng3 g6 19. Nh2 Qa2 20. Ng4 f6 21. Nh6+ Kh8
22. Ngf5 gxf5 23. Nxf5 Re8 24. Qh5 Qa8 25. Re3 Qd8 26. Rg3 Rg8 27. Nh6 Rg7 28.
Rxg7 Kxg7 29. Qg4+ Kf8 30. Qg8# 1-0

[Event "rhusmesterskabet 2019"]
[Site "Aarhus"]
[Date "2019.02.17"]
[Round "6.5"]
[White "Thybo, Thomas Sondergaard"]
[Black "Hardlei, Johan"]
[Result "1-0"]
[WhiteElo "2164"]
[BlackElo "1998"]
[PlyCount "77"]
[EventDate "2019.02.??"]
[EventType "swiss"]
[EventRounds "7"]
[EventCountry "DEN"]

1. e4 c5 2. Nf3 d6 3. d4 cxd4 4. Nxd4 Nf6 5. Nc3 g6 6. g3 Bg7 7. Bg2 O-O 8. O-O
Nc6 9. Nde2 Bg4 10. h3 Bxe2 11. Qxe2 Nd4 12. Qd1 Nd7 13. Be3 Nc6 14. Qd2 Qa5
15. Nd5 Qxd2 16. Bxd2 Nb6 17. Bg5 e6 18. Nxb6 axb6 19. c3 Ra5 20. Be3 Rfa8 21.
a3 Ne5 22. Rfd1 Nc4 23. Bc1 Rb5 24. Ra2 Rd8 25. a4 Rc5 26. b3 Ne5 27. c4 Rcc8
28. Be3 Nd7 29. Rxd6 Nc5 30. Rxb6 Rd1+ 31. Kh2 Bd4 32. Bxd4 Rxd4 33. e5 Rd3 34.
b4 Nd7 35. Rxb7 Rxc4 36. Bf1 Nxe5 37. Bxd3 Nxd3 38. a5 Nxb4 39. Ra4 1-0

[Event "rhusmesterskabet 2019"]
[Site "Aarhus"]
[Date "2019.02.17"]
[Round "6.6"]
[White "Easwaralingam, Adesh"]
[Black "Ochsner, Henrik"]
[Result "0-1"]
[WhiteElo "2078"]
[BlackElo "1858"]
[PlyCount "144"]
[EventDate "2019.02.??"]
[EventType "swiss"]
[EventRounds "7"]
[EventCountry "DEN"]

1. e4 d6 2. d4 Nf6 3. Nc3 c6 4. Nf3 Bg4 5. h3 Bxf3 6. Qxf3 e6 7. Bg5 Be7 8.
O-O-O Nbd7 9. e5 dxe5 10. dxe5 Nd5 11. Bxe7 Qxe7 12. Ne4 O-O-O 13. c4 Nxe5 14.
Qg3 Nb4 15. Qxe5 Nxa2+ 16. Kb1 Rxd1+ 17. Kxa2 Qb4 18. Qc3 Qa4+ 19. Qa3 Qc2 20.
Qxa7 Qxe4 21. Qa8+ Kc7 22. Qxh8 Rxf1 23. Rxf1 Qxc4+ 24. Ka3 Qxf1 25. Qxg7 Qd3+
26. Ka2 Qf5 27. Qg3+ e5 28. Qa3 Qe6+ 29. Ka1 e4 30. Qa5+ Kd7 31. Qa7 Qb3 32.
Qd4+ Qd5 33. Qa7 Kc7 34. Qe3 b6 35. Qf4+ Kb7 36. Qf6 b5 37. Qe7+ Kb6 38. Qe8
Qd1+ 39. Ka2 Qd5+ 40. Ka1 Kc5 41. Qe7+ Kc4 42. Ka2 Kd3+ 43. Kb1 c5 44. Qh4 b4
45. Qxh7 Kc4 46. Kc1 Kb3 47. Qg7 Qc4+ 48. Kd2 Qd3+ 49. Ke1 Qb1+ 50. Ke2 Qd3+
51. Ke1 Kc2 52. Qg4 Qd2+ 53. Kf1 Qd3+ 54. Qe2+ Qxe2+ 55. Kxe2 Kxb2 56. h4 c4
57. h5 c3 58. h6 c2 59. h7 c1=Q 60. h8=Q+ Qc3 61. Qe8 f5 62. Qe6 f4 63. Qxe4
Qc2+ 64. Kf3 Qxe4+ 65. Kxe4 Kc3 66. Kxf4 b3 67. g4 b2 68. Kg5 b1=Q 69. f4 Kd4
70. Kf6 Ke4 71. f5 Qb6+ 72. Kg7 Ke5 0-1

[Event "rhusmesterskabet 2019"]
[Site "Aarhus"]
[Date "2019.02.17"]
[Round "6.8"]
[White "Christensen, John Christopher H"]
[Black "Nilssen, Ellen Fredericia"]
[Result "0-1"]
[WhiteElo "1814"]
[BlackElo "2028"]
[PlyCount "86"]
[EventDate "2019.02.??"]
[EventType "swiss"]
[EventRounds "7"]
[EventCountry "DEN"]

1. e4 e6 2. d4 d5 3. Nc3 Bb4 4. Nge2 dxe4 5. a3 Bxc3+ 6. Nxc3 Nc6 7. Bb5 Nge7
8. O-O a6 9. Bxc6+ Nxc6 10. Be3 O-O 11. Qd2 f5 12. Rad1 Ne7 13. Bg5 h6 14. Bxe7
Qxe7 15. d5 exd5 16. Nxd5 Qf7 17. Qf4 Bd7 18. Qxc7 Bc6 19. Qxf7+ Rxf7 20. Rd4
a5 21. Rfd1 Re8 22. c4 g5 23. Re1 Kg7 24. b4 Rd8 25. Red1 Ba4 26. R1d2 Bb3 27.
Nb6 Rxd4 28. Rxd4 axb4 29. axb4 Bc2 30. Kf1 f4 31. c5 h5 32. Ke1 Bd3 33. Nc4
Re7 34. b5 Rc7 35. Nd6 Rxc5 36. Nxe4 Bxe4 37. Rxe4 Rxb5 38. h4 Kf6 39. g3 Kf5
40. Re8 fxg3 41. fxg3 gxh4 42. gxh4 Rb4 43. Rb8 Kg4 0-1

[Event "rhusmesterskabet 2019"]
[Site "Aarhus"]
[Date "2019.02.17"]
[Round "7.1"]
[White "Christensen, Tobias"]
[Black "Pedersen, Nicolai Kvist Brond"]
[Result "1/2-1/2"]
[WhiteElo "2351"]
[BlackElo "2269"]
[PlyCount "36"]
[EventDate "2019.02.??"]
[EventType "swiss"]
[EventRounds "7"]
[EventCountry "DEN"]

1. e4 c5 2. c4 Nc6 3. Nc3 g6 4. g3 Bg7 5. Bg2 e6 6. d3 Nge7 7. Nge2 d6 8. h4 h5
9. Bg5 a6 10. O-O Rb8 11. a4 Qc7 12. Rb1 Bd7 13. b3 Qa5 14. Bd2 Nb4 15. Na2
Nec6 16. d4 Qb6 17. Nxb4 Nxb4 18. Be3 Qc7 1/2-1/2

[Event "rhusmesterskabet 2019"]
[Site "Aarhus"]
[Date "2019.02.17"]
[Round "7.2"]
[White "Fogh, Jens Olaf Svanholm"]
[Black "Vinther Schou, Uffe"]
[Result "0-1"]
[WhiteElo "2062"]
[BlackElo "2347"]
[PlyCount "130"]
[EventDate "2019.02.??"]
[EventType "swiss"]
[EventRounds "7"]
[EventCountry "DEN"]

1. d4 Nf6 2. Nf3 g6 3. e3 Bg7 4. Be2 O-O 5. O-O c5 6. c3 b6 7. Nbd2 Bb7 8. Qc2
Qc7 9. Re1 Nc6 10. e4 cxd4 11. cxd4 Rac8 12. Qa4 d5 13. e5 Ng4 14. Nf1 f6 15.
h3 Nh6 16. exf6 exf6 17. Bd3 a6 18. Bd2 b5 19. Qb3 Rfd8 20. a4 b4 21. Ne3 Nf7
22. Rac1 Qd6 23. a5 Bf8 24. Qa4 Qc7 25. Nc2 Qxa5 26. Qxa5 Nxa5 27. Bxb4 Nb3 28.
Rcd1 Nd6 29. Na1 Nxa1 30. Rxa1 Rc6 31. Ra2 Ne4 32. Bxf8 Kxf8 33. Rea1 Rdd6 34.
Ra5 Rb6 35. R1a2 Ke7 36. R5a3 g5 37. b3 Rdc6 38. Ra1 h5 39. g3 Rc3 40. Bxe4
dxe4 41. Nd2 Rd6 42. Nc4 Rxd4 43. Ne3 Rdd3 44. Rb1 Ke6 45. g4 h4 46. Rb2 Rc1+
47. Kg2 Re1 48. Rc2 Kd7 49. Kh2 Rb1 50. Ra5 Rdxb3 51. Rf5 Ke6 52. Rc7 R1b2 53.
Kg1 Rb5 54. Rh7 Rb1+ 55. Kg2 Bc6 56. Rc7 Rc1 57. Rxb5 axb5 58. Ra7 b4 59. Ra2
Kd6 60. Rb2 Kc5 61. Kh2 Rc3 62. Nd1 Rd3 63. Ne3 b3 64. Nf1 Kb4 65. Nd2 Kc3 0-1

[Event "rhusmesterskabet 2019"]
[Site "Aarhus"]
[Date "2019.02.17"]
[Round "7.3"]
[White "Ochsner, Henrik"]
[Black "Stovring, Claus"]
[Result "0-1"]
[WhiteElo "1858"]
[BlackElo "2023"]
[PlyCount "46"]
[EventDate "2019.02.??"]
[EventType "swiss"]
[EventRounds "7"]
[EventCountry "DEN"]

1. d4 Nf6 2. c4 g6 3. Nc3 Bg7 4. e4 d6 5. Be2 O-O 6. Be3 Nc6 7. h3 e5 8. d5 Nd4
9. Bxd4 exd4 10. Qxd4 Re8 11. Qd3 b5 12. cxb5 a6 13. Nf3 axb5 14. Nxb5 Nxe4 15.
Nbd4 Ba6 16. Qc2 Bxd4 17. Nxd4 Qf6 18. O-O-O Bxe2 19. Nxe2 Rxa2 20. Nc3 Ra1+
21. Nb1 Qf4+ 22. Rd2 Nxd2 23. Qxd2 Rxb1+ 0-1

[Event "rhusmesterskabet 2019"]
[Site "Aarhus"]
[Date "2019.02.17"]
[Round "7.5"]
[White "Nilssen, Ellen Fredericia"]
[Black "Jessen, Alexander"]
[Result "0-1"]
[WhiteElo "2028"]
[BlackElo "2042"]
[PlyCount "86"]
[EventDate "2019.02.??"]
[EventType "swiss"]
[EventRounds "7"]
[EventCountry "DEN"]

1. d4 d5 2. c4 c6 3. Nc3 e6 4. cxd5 exd5 5. Nf3 Be7 6. Bf4 Nf6 7. Qc2 O-O 8. e3
Nbd7 9. Bd3 Re8 10. h3 Nf8 11. O-O-O b5 12. Kb1 a5 13. g4 a4 14. Ne5 Bb7 15.
Ne2 Qb6 16. Rc1 b4 17. Nxc6 b3 18. Nxe7+ Rxe7 19. Qc5 bxa2+ 20. Ka1 Qd8 21. Bc7
Qe8 22. Bd6 Ne6 23. Qb4 Rd7 24. Bb5 Ne4 25. Bxd7 Qxd7 26. Bg3 Ba6 27. Nf4 Nd8
28. Qa5 Bb7 29. Qb6 Nc6 30. Nxd5 Nd2 31. Rc5 Nb3+ 32. Kxa2 Nxc5 33. Qxc5 Qxd5+
34. Qxd5 Nb4+ 35. Kb1 Bxd5 36. Rc1 h6 37. Rc5 Be4+ 38. Ka1 a3 39. Rb5 Nd3 40.
b3 a2 41. f4 Nc1 42. Be1 Bc2 43. Bd2 Nxb3+ 0-1

[Event "rhusmesterskabet 2019"]
[Site "Aarhus"]
[Date "2019.02.17"]
[Round "7.6"]
[White "Hardlei, Johan"]
[Black "Thogersen, Rasmus"]
[Result "0-1"]
[WhiteElo "1998"]
[BlackElo "2288"]
[PlyCount "70"]
[EventDate "2019.02.??"]
[EventType "swiss"]
[EventRounds "7"]
[EventCountry "DEN"]

1. Nf3 c5 2. b3 Nf6 3. Bb2 g6 4. e3 Bg7 5. Be2 O-O 6. O-O d5 7. d4 Ne4 8. c4
dxc4 9. bxc4 b6 10. Nc3 Bb7 11. Nxe4 Bxe4 12. Qb3 Nc6 13. dxc5 Na5 14. Qa3 Bxb2
15. Qxb2 bxc5 16. Qb5 Qc7 17. Nd2 Rab8 18. Qa4 Bf5 19. Nb3 Nb7 20. Rfd1 Nd6 21.
Rd5 Ne4 22. Rc1 Be6 23. Rdd1 Rb4 24. Qa3 Rfb8 25. Qa5 Qxa5 26. Nxa5 Ra4 27. Nc6
Rb2 28. Bf3 Nxf2 29. Rd8+ Kg7 30. Nxe7 Raxa2 31. Rg8+ Kh6 32. Nd5 Nd3 33. Rd1
Ne5 34. Be4 f5 35. Re8 fxe4 0-1

[Event "rhusmesterskabet 2019"]
[Site "Aarhus"]
[Date "2019.02.17"]
[Round "7.7"]
[White "Andersen, Thomas Klitgaard"]
[Black "Easwaralingam, Adesh"]
[Result "1/2-1/2"]
[WhiteElo "2215"]
[BlackElo "2078"]
[PlyCount "31"]
[EventDate "2019.02.??"]
[EventType "swiss"]
[EventRounds "7"]
[EventCountry "DEN"]

1. Nf3 Nf6 2. c4 e6 3. g3 d5 4. Bg2 Be7 5. O-O O-O 6. d4 dxc4 7. Qc2 a6 8. Qxc4
b5 9. Qc2 Bb7 10. Nbd2 Nbd7 11. Nb3 Be4 12. Qd1 c5 13. dxc5 Nxc5 14. Qxd8 Rfxd8
15. Nxc5 Bxc5 16. Bg5 1/2-1/2

[Event "rhusmesterskabet 2019"]
[Site "Aarhus"]
[Date "2019.02.17"]
[Round "7.8"]
[White "Easwaralingam, Janith"]
[Black "Graabaek, Sebastian"]
[Result "0-1"]
[WhiteElo "1736"]
[BlackElo "1662"]
[PlyCount "54"]
[EventDate "2019.02.??"]
[EventType "swiss"]
[EventRounds "7"]
[EventCountry "DEN"]

1. e4 c5 2. Nc3 Nc6 3. f4 d6 4. Nf3 a6 5. a4 Nf6 6. Bc4 Bg4 7. e5 dxe5 8. fxe5
Bxf3 9. Qxf3 Nxe5 10. Qe2 Nxc4 11. Qxc4 Qd4 12. Qe2 e6 13. d3 Bd6 14. Be3 Qe5
15. g3 Nd5 16. Ne4 Nxe3 17. Qxe3 O-O 18. Kd2 Rad8 19. Rae1 c4 20. d4 Bb4+ 21.
c3 Rxd4+ 22. Kc2 Rd3 23. Qf2 Be7 24. Rhf1 Qa5 25. Ra1 Qd5 26. Qe2 Rd8 27. g4
Bg5 0-1